Muito barulho para nada (Registo nº 48722)

Detalhes MARC
000 -Etiqueta do registo
campo de controlo de comprimento fixo 009270000a22002770004500
001 - Identificador do registo
Campo de controlo 48722
010 ## - ISBN
Número (ISBN) 972-575-090-X
021 ## - Nº depósito legal
Código do país Portugal
Número 33164/90
100 ## - Dados Gerais de Proc.
Dados gerais de processamento 20030210d2003 k y0pory5003 ba
101 0# - Língua da publicação
Língua do texto, banda sonora, etc. Português
102 ## - País de Publicação
País de publicação Portugal
200 1# - Título
Título próprio Muito barulho para nada
Primeira menção de responsabilidade William Shakespeare
Outras menções de responsabilidade adapt. Charles Lamb e Mary Lamb
-- ilust. Luís Gaspar
210 ## - Publicação, Distribuição
Lugar da edição, distribuição, etc. Lisboa
Nome do editor, distribuidor, etc. Contexto
Data da publicação, distribuição, etc. 1990
215 ## - Descrição física
Descrição física 32 p
Dimensões 18 cm
225 2# - Colecção
Título próprio da colecção Contos de Shakespeare
Indicação de volume 12
304 ## - Título e responsabilidade
Texto da nota Título original: Much ado about nothing
606 ## - Nome comum
Elemento de entrada Literatura estrangeira
Subdivisão de assunto Conto
675 ## - CDU
Notação 821.111-34"19"
Edição BN
Língua da edição Português
700 #1 - Responsabilidade principal
Palavra de ordem Shakespeare
Outra parte do nome William
Datas 1564-1616
702 #1 - Responsabilidade secundária
Koha Internal Code 26747
Código de função Adaptador
Palavra de ordem Lamb
Outra parte do nome Charles
Datas 1775-1834
702 ## - Responsabilidade secundária
Koha Internal Code 26752
Código de função Adaptador
Palavra de ordem Lamb
Outra parte do nome Mary
Datas 1764-1847
702 ## - Responsabilidade secundária
Koha Internal Code 21542
Código de função Tradutor
Palavra de ordem Gaspar
Outra parte do nome Luís Manuel
702 ## - Responsabilidade secundária
Koha Internal Code 21540
Código de função Ilustrador
Palavra de ordem Gaspar
Outra parte do nome Luís
090 ## - Números de controlo do sistema (Koha)
Número biblioitem do Koha (gerado automaticamente) 48722
942 ## - Elementos de entrada adicionados (Koha)
Tipo de item no Koha Monografias
Suprimido Disponível no OPAC
999 ## - Campo local
Campo local 48722
Exemplares
Removido (estado) Perdido (estado) Data de aquisição Origem do registo (biblioteca) (codificado) Código da organização que empresta ou é detentora (biblioteca) Código de barras Número de inventário Cota Tipo de circulação (não pode ser emprestado) Tipo de item e material
Disponível Disponível 2003-02-10 Biblioteca EB23 D. Paio Peres Correia Biblioteca EB23 D. Paio Peres Correia BEBDPPC1954 1954 82.03-34 SHA Normal Monografias